Como los lirios del campo (Record no. 78629)

MARC details
000 -LEADER
campo de control de longitud fija 00719nam a2200205 i 4500
001 - NÚMERO DE CONTROL
campo de control 78629
003 - IDENTIFICADOR DE NÚMERO DE CONTROL
campo de control ES-MaACL
005 - FECHA Y HORA DE LA ÚLTIMA TRANSACCIÓN
campo de control 20250927160129.0
007 - CAMPO FIJO DE DESCRIPCIÓN FÍSICA--INFORMACIÓN GENERAL
campo de control de longitud fija t|
008 - DATOS DE LONGITUD FIJA--INFORMACIÓN GENERAL
campo de control de longitud fija 041015s1969 sp ||||1| spa d
100 1# - ENTRADA PRINCIPAL--NOMBRE DE PERSONA
Nombre de persona Hecke, Elisabeth van.
9 (RLIN) 62280
245 10 - MENCIÓN DEL TÍTULO
Título Como los lirios del campo
Resto del título : el problema moral y pedagógico de la moda /
Mención de responsabilidad, etc. por Elisabeth van Hecke ; [traducción de Juan Benelli Rubio ; revisada por Luis Ruiz Galiana].
260 ## - PUBLICACIÓN, DISTRIBUCIÓN, ETC.
Lugar de publicación, distribución, etc. Madrid :
Nombre del editor, distribuidor, etc. Cio,
Fecha de publicación, distribución, etc. 1969.
300 ## - DESCRIPCIÓN FÍSICA
Extensión 87 p. ;
Dimensiones 21 cm.
650 #4 - PUNTO DE ACCESO ADICIONAL DE MATERIA--TÉRMINO DE MATERIA
Término de materia o nombre geográfico como elemento de entrada Moda-
Subdivisión general Aspectos morales.
9 (RLIN) 155428
700 1# - ENTRADA AGREGADA--NOMBRE PERSONAL
Nombre de persona Bonelli Rubio, Juan María,
Fechas asociadas al nombre 1904-1981
9 (RLIN) 30103
700 1# - ENTRADA AGREGADA--NOMBRE PERSONAL
Nombre de persona Ruiz Galiana, Luis.
9 (RLIN) 100810
852 ## - LOCALIZACIÓN
Ubicación ES-MaACL
Número de control de estantería C-50525
Holdings
Estatus retirado Estado de pérdida Estado de daño No para préstamo Biblioteca de origen Biblioteca actual Ubicación en estantería Fecha de adquisición Fuente de adquisición Total de préstamos Signatura topográfica completa Código de barras Visto por última vez Precio de reemplazo Tipo de ítem Koha
        Biblioteca del Ateneo de Madrid Biblioteca del Ateneo de Madrid Depósito 2 17/01/2008     C-50525 1082239 23/02/2023 23/02/2023 Libro impreso